| 000 | 00783nam a2200217 a 4500 | ||
|---|---|---|---|
| 001 | 12530 | ||
| 003 | BD-JhCC | ||
| 005 | 20230806195119.0 | ||
| 008 | 220725s2022 bd |||| |||| 000 0 ban d | ||
| 020 | _a9789849625827 | ||
| 035 | _a(BD-JhCC)12530 | ||
| 040 |
_aBD-JhCC _dBD-JhCC |
||
| 041 | _aban | ||
| 082 |
_a891.4435 _bRAH 2022 |
||
| 245 |
_aরহস্যলীনা : _bঅল্প কথায় রহস্য গল্প / _cসম্পদনায় ফৌজিয়া খান তামান্না |
||
| 260 |
_aঢাকা : _bচলন্তিকা, _c২০২২ |
||
| 300 |
_a২৪৮ পৃ. : _c২১ সেমি. |
||
| 650 | _aDetective Stories | ||
| 700 | _aতামান্না, ফৌজিয়া খান | ||
| 942 |
_2ddc _cBK _01 |
||
| 999 |
_c12530 _d12530 |
||